00683 2200241 4500001002100000005001500021035002000036007000300056008004100059020002200100082001400122084002000136100003700156245011700193250001300310260003200323300002500355650002100380990001000401990001000411990001000421990001000431INLIS00000000000037120170926111011 a0010-0917000357ta170926 f i ind  a978-979-3407-97-5 a297.122.6 a297.122.6 ABD t0 aAbdurrahman bin Nashir As Sa'adi1 aTafsir Al Qur'an Jilid 1 :bSurat : Al Fatihah, Al Baqarah, Ali Imran /cSyaikh Abdurrahman bin Nashir As Sa'adi aCet VIII aJakarta :bDarul Haq,c2016 a568hlm ;c15 x 24 cm aTafsir Al Qur'an a4867a a4867b a4867c a4867d